000 01035nam a2200301 i 4500
003 DO-SdBNP
005 20251118131249.0
007 ta
008 240405e2022 dr ||||| |||| 00| p spa d
020 _a9789945182163
040 _aDO-SdBNP
_bspa
_cBNHU
_erda
041 _aspa
082 4 _axxx
_bC322u
_222
100 1 _aCartagena Portalatín, Aída,
_d1918-1994
_eautor
_4aut.
_923557
245 1 0 _aUna mujer está sola/
_cAída Cartagena Portalatín; edición al cuidado de, José Alcántara Almánzar.
250 _aCuarta edición
264 1 _aSanto Domingo :
_bEditora Corripio,
_c2022.
300 _a62 páginas ;
_c23 cm.
336 _atexto
_btxt
_2rdacontent
337 _asin mediación
_bn
_2rdamedia
338 _avolumen
_bnc
_2rdacarrier
500 _aIncluye datos biográficos del autor en la solapa de la cubierta.
590 _aInventariado 2024 / MF
650 4 _aPoesía dominicana
650 4 _aLiteratura dominicana.
700 1 _aAlcántara Almánzar, José,
_d1946-
_eeditor
_4ed.
_97018
942 _2ddc
_cLBS1
999 _c56273
_d56273